MARC details
| 000 -LEADER |
| fixed length control field |
02652cam a22005054a 4500 |
| 001 - CONTROL NUMBER |
| control field |
muse30253 |
| 003 - CONTROL NUMBER IDENTIFIER |
| control field |
MdBmJHUP |
| 005 - DATE AND TIME OF LATEST TRANSACTION |
| control field |
20210127151028.0 |
| 006 - FIXED-LENGTH DATA ELEMENTS--ADDITIONAL MATERIAL CHARACTERISTICS |
| fixed length control field |
m o d |
| 007 - PHYSICAL DESCRIPTION FIXED FIELD--GENERAL INFORMATION |
| fixed length control field |
cr||||||||nn|n |
| 008 - FIXED-LENGTH DATA ELEMENTS--GENERAL INFORMATION |
| fixed length control field |
130920r20132013sa o 00 0 eng d |
| 020 ## - INTERNATIONAL STANDARD BOOK NUMBER |
| International Standard Book Number |
9781920677169 |
| 020 ## - INTERNATIONAL STANDARD BOOK NUMBER |
| Canceled/invalid ISBN |
9781920489823 |
| 035 ## - SYSTEM CONTROL NUMBER |
| System control number |
(OCoLC)854520710 |
| 040 ## - CATALOGING SOURCE |
| Original cataloging agency |
MdBmJHUP |
| Transcribing agency |
MdBmJHUP |
| 050 #4 - LIBRARY OF CONGRESS CALL NUMBER |
| Classification number |
ML3917 |
| Item number |
.S62 2013 |
| 100 1# - MAIN ENTRY--PERSONAL NAME |
| Personal name |
Martin, Denis-Constant. |
| Relator term |
author. |
| 245 10 - TITLE STATEMENT |
| Title |
Sounding the Cape Music, Identity and Politics in South Africa |
| Statement of responsibility, etc. |
Denis-Constant Martin. |
| 250 ## - EDITION STATEMENT |
| Edition statement |
1st ed. |
| 264 #1 - PRODUCTION, PUBLICATION, DISTRIBUTION, MANUFACTURE, AND COPYRIGHT NOTICE |
| Name of producer, publisher, distributor, manufacturer |
Project Muse, |
| 264 #3 - PRODUCTION, PUBLICATION, DISTRIBUTION, MANUFACTURE, AND COPYRIGHT NOTICE |
| Name of producer, publisher, distributor, manufacturer |
Project MUSE, |
| 300 ## - PHYSICAL DESCRIPTION |
| Extent |
1 online resource (xxvi, 444 pages.) |
| 500 ## - GENERAL NOTE |
| General note |
Issued as part of book collections on Project MUSE. |
| 504 ## - BIBLIOGRAPHY, ETC. NOTE |
| Bibliography, etc. note |
Includes bibliographical references (pages 385-410) and index. |
| 505 0# - FORMATTED CONTENTS NOTE |
| Formatted contents note |
Part one: The emergence of Creolised identities: Chapter one: Music and identity: a theoretical prologue -- Chapter two: Cape Town's musics: a legacy of Creolisation -- Part two: The dialectics of separation and interweaving: Chapter three: Separation and interweaving in the 20th century: futile separations; Vincent Kolbe's childhood memories -- Chapter four: Separation and interweaving in the 20th century: fertile intertwining; Chris McGregor talks about the blue notes, jazz and South African society; "Soweto Sun", an interview with Rashid Vally by Denis-Constant Martin -- Chapter five: Two decades of freedom -- Chapter six: The musicians' discourse: Cape Town as a musical Potjiekos -- Conclusion: Recognising Creolisation? -- References -- Illustrations -- Musicians interviewed in 2007 and 2009 -- Index. |
| 506 0# - RESTRICTIONS ON ACCESS NOTE |
| Terms governing access |
Open Access |
| Standardized terminology for access restriction |
Unrestricted online access |
| Source of term |
star |
| 588 ## - SOURCE OF DESCRIPTION NOTE |
| Source of description note |
Description based on print version record. |
| 650 #0 - SUBJECT ADDED ENTRY--TOPICAL TERM |
| Topical term or geographic name entry element |
Popular music |
| Geographic subdivision |
South Africa |
| General subdivision |
History and criticism. |
| 650 #0 - SUBJECT ADDED ENTRY--TOPICAL TERM |
| Topical term or geographic name entry element |
Music and state |
| Geographic subdivision |
South Africa. |
| 650 #0 - SUBJECT ADDED ENTRY--TOPICAL TERM |
| Topical term or geographic name entry element |
Music |
| General subdivision |
Political aspects |
| Geographic subdivision |
South Africa. |
| 655 #0 - INDEX TERM--GENRE/FORM |
| Genre/form data or focus term |
Electronic books. |
| 655 #7 - INDEX TERM--GENRE/FORM |
| Genre/form data or focus term |
Electronic books. |
| Source of term |
local |
| 710 2# - ADDED ENTRY--CORPORATE NAME |
| Corporate name or jurisdiction name as entry element |
Project Muse, |
| Relator term |
distributor. |
| 776 18 - ADDITIONAL PHYSICAL FORM ENTRY |
| Relationship information |
Print version: |
| International Standard Book Number |
9781920489823 |
| 710 2# - ADDED ENTRY--CORPORATE NAME |
| Corporate name or jurisdiction name as entry element |
Project Muse. |
| Relator term |
distributor |
| 830 #0 - SERIES ADDED ENTRY--UNIFORM TITLE |
| Uniform title |
Book collections on Project MUSE. |
| 856 40 - ELECTRONIC LOCATION AND ACCESS |
| Public note |
Full text available: |
| Uniform Resource Identifier |
<a href="https://muse.jhu.edu/book/25276/">https://muse.jhu.edu/book/25276/</a> |
| 945 ## - LOCAL PROCESSING INFORMATION (OCLC) |
| a |
Project MUSE - 2013 Complete |
| 945 ## - LOCAL PROCESSING INFORMATION (OCLC) |
| a |
Project MUSE - 2013 African Studies |
| 945 ## - LOCAL PROCESSING INFORMATION (OCLC) |
| a |
Project MUSE - 2013 Global Cultural Studies |